| 000 | 00445nam a2200157Ia 4500 | ||
|---|---|---|---|
| 003 | GCL | ||
| 008 | 140319s9999 xx 000 0 ara d | ||
| 040 |
_aGCL / _cGCL |
||
| 082 | 0 | 4 |
_a547.4 _bع ك |
| 100 | 1 | _aعبدالله حجازى | |
| 245 | 1 | 0 |
_aالكيمياء العضوية الاليفاتية / _cعبدالله حجازى |
| 300 | _a784 ص | ||
| 490 |
_aكتاب _v0 |
||
| 650 | 0 | 4 | _aالكيمياء العضوية |
| 942 |
_2ddc _cBK |
||
| 999 |
_c41975 _d41975 |
||